| 000 | 00542nam a2200181Ia 4500 | ||
|---|---|---|---|
| 999 |
_c13991 _d13991 |
||
| 003 | OSt | ||
| 005 | 20201027124024.0 | ||
| 008 | 190216s9999||||xx |||||||||||||| ||und|| | ||
| 020 | _a9780140252194 | ||
| 040 | _coclc | ||
| 082 |
_a891.4434 _bCHA/P |
||
| 100 |
_aChatterjee, Bankim Chandra _96031 |
||
| 245 | 4 |
_aThe Poison Tree / _cBankim Chandra Chatterjee |
|
| 260 |
_bPenguin Books, _c1996. _aNew Delhi: |
||
| 300 | _a400p | ||
| 650 | _aNovel&Amp;Short Stories | ||
| 942 |
_cBK _2ddc _h891.4434 _iCHA/P _k891.4434 _mCHA/P |
||